<?xml version="1.0" encoding="UTF-8"?>
<record
    xmlns:xsi="http://www.w3.org/2001/XMLSchema-instance"
    xsi:schemaLocation="http://www.loc.gov/MARC21/slim http://www.loc.gov/standards/marcxml/schema/MARC21slim.xsd"
    xmlns="http://www.loc.gov/MARC21/slim">

  <leader>00817caa a22001692a 4500</leader>
  <controlfield tag="001">  015076</controlfield>
  <controlfield tag="003">  AR-FADEU</controlfield>
  <controlfield tag="008">  311216n########xxu####################dd</controlfield>
  <datafield tag="092" ind1=" " ind2=" ">
    <subfield code="a">A860.2</subfield>
    <subfield code="b">W423</subfield>
  </datafield>
  <datafield tag="100" ind1=" " ind2=" ">
    <subfield code="a">Guti&#xE9;rrez, Juan Mar&#xED;a</subfield>
  </datafield>
  <datafield tag="245" ind1=" " ind2=" ">
    <subfield code="a">A mayo</subfield>
  </datafield>
  <datafield tag="300" ind1=" " ind2=" ">
    <subfield code="a">PP. 87-97</subfield>
  </datafield>
  <datafield tag="500" ind1=" " ind2=" ">
    <subfield code="a">En: La &#xE9;poca de Rosas : M. Sastre, J. B. Alberdi, E. Echeverr&#xED;a : antolog&#xED;a / comp. F&#xE9;lix Weinberg. Buenos Aires : Centro Editor de Am&#xE9;rica Latina, 1979</subfield>
  </datafield>
  <datafield tag="942" ind1=" " ind2=" ">
    <subfield code="c">BDGR</subfield>
  </datafield>
  <datafield tag="999" ind1=" " ind2=" ">
    <subfield code="c">20835</subfield>
    <subfield code="d">20835</subfield>
  </datafield>
  <datafield tag="773" ind1="0" ind2=" ">
    <subfield code="0">6630</subfield>
    <subfield code="9">4293</subfield>
    <subfield code="a">Weinberg, F&#xE9;lix, comp.</subfield>
    <subfield code="b"></subfield>
    <subfield code="d">Buenos Aires</subfield>
    <subfield code="o">19</subfield>
    <subfield code="t">La &#xE9;poca de Rosas : M. Sastre, J. B. Alberdi, E. Echeverr&#xED;a : antolog&#xED;a</subfield>
    <subfield code="w">(  AR-FADEU)  000790</subfield>
    <subfield code="x"></subfield>
    <subfield code="z"></subfield>
  </datafield>
  <datafield tag="773" ind1="0" ind2=" ">
    <subfield code="0">6630</subfield>
    <subfield code="9">4294</subfield>
    <subfield code="a">Weinberg, F&#xE9;lix, comp.</subfield>
    <subfield code="b"></subfield>
    <subfield code="d">Buenos Aires</subfield>
    <subfield code="o">8610</subfield>
    <subfield code="t">La &#xE9;poca de Rosas : M. Sastre, J. B. Alberdi, E. Echeverr&#xED;a : antolog&#xED;a</subfield>
    <subfield code="w">(  AR-FADEU)  000790</subfield>
    <subfield code="x"></subfield>
    <subfield code="z"></subfield>
  </datafield>
</record>
